| 000 | 01235nam a22003377a 4500 | ||
|---|---|---|---|
| 001 | BR8804230 | ||
| 003 | BR-BrBNA | ||
| 005 | 20230928092953.0 | ||
| 007 | ta | ||
| 008 | 230509b bl.||||| |||| 00| 0 por d | ||
| 040 |
_aBR-BrBNA _bpor _cBiblioteca Nacional de Agricultura |
||
| 041 | _a(Por) | ||
| 072 |
_aP34; F04; F61 _b1950 _b1930 _b3820 _b3830 |
||
| 090 | _ 1950 BR8804230 | ||
| 100 | 1 | _aRossetto, R. | |
| 110 | 1 |
_aEscola Superior de Agricultura Luiz de Queiroz, Piracicaba, SP (Brasil) _0Tese (Mestre em Agronomia) |
|
| 245 | 1 | _aEfeitos de fungos MVA e de fertilizantes fosfatados no crescimento de Calopogonium mucunoides e Brachiaria humidicola e na absorcao de N e P | |
| 246 | 1 | _aEffec of VAM fungi and phosphate fertilizer on the growth of Calopogonium mucunoides and Brachiaria humidicola and N and P uptake | |
| 260 | 3 |
_aPiracicaba, SP (Brasil): _c1987. |
|
| 300 | _a158 p. | ||
| 500 | _a29 tables; Bibliography p. 122-135 (75 ref.); Summaries (Eng, Por) | ||
| 650 | _aCALOPOGONIO | ||
| 650 | _aCAPIM QUICUIO | ||
| 650 | _aMICORRIZA | ||
| 650 | _aFERTILIZANTE FOSFATADO | ||
| 650 | _aNITROGENIO | ||
| 650 | _aCRESCIMENTO | ||
| 650 | _aABSORCAO | ||
| 909 |
_a202309 _bLucia _c55 _dLucia Elande |
||
| 942 | _cBK | ||
| 999 |
_c42282 _d42282 |
||